National park animals - Statistics

General Stats
  • This quiz has been taken 15 times
  • The average score is 39 of 90
Answer Stats
Question Tile Select % Correct
Grizzly bear Great Smoky Mountains No
93%
Grizzly bear Theodore Roosevelt No
93%
Grizzly bear Yellowstone Yes
86%
Grizzly bear Mount Rainier No
79%
Grizzly bear Yosemite No
79%
Grizzly bear Glacier Yes
71%
Grizzly bear Denali Yes
64%
American Bison Grand Teton Yes
64%
Killer Whale Isle Royale No
64%
Mountain lion Rocky Mountain Yes
64%
American alligator Saguaro No
64%
American alligator Zion No
64%
Black bear Acadia Yes
57%
Killer Whale Acadia No
57%
American alligator Big Bend No
57%
Black bear Congaree No
57%
Killer Whale Everglades No
57%
American alligator Everglades Yes
57%
American alligator Hot Springs No
57%
Cottonmouth Mammoth Cave No
57%
Black bear Olympic Yes
57%
Mountain lion Olympic Yes
57%
Mountain lion Voyageurs No
57%
Moose Badlands No
50%
Cottonmouth Big Bend No
50%
Bald eagle Crater Lake Yes
50%
Killer Whale Dry Tortugas No
50%
Moose Glacier Yes
50%
Killer Whale Glacier Bay Yes
50%
Cottonmouth Grand Canyon No
50%
Grizzly bear Grand Teton Yes
50%
American alligator Isle Royale No
50%
Mountain lion Katmai No
50%
American Bison Kobuk Valley No
50%
Black bear Redwood Yes
50%
Elk Rocky Mountain Yes
50%
Black bear Rocky Mountains Yes
50%
Elk Saguaro No
50%
Elk Shenandoah No
50%
American Bison Theodore Roosevelt Yes
50%
American Bison Badlands Yes
43%
Moose Black Canyon of the Gunnison No
43%
Killer Whale Channel islands Yes
43%
Moose Crater Lake No
43%
American alligator Dry Tortugas No
43%
Grizzly bear Gates of the Arctic Yes
43%
American Bison Glacier No
43%
Cottonmouth Great Smoky Mountains No
43%
Killer Whale Kenai Fjords Yes
43%
American Bison Mount Rainier No
43%
Moose North Cascades Yes
43%
Elk Olympic Yes
43%
Cottonmouth Saguaro No
43%
Black bear Shenandoah Yes
43%
Elk Cuyahoga Valley No
36%
Cottonmouth Everglades Yes
36%
Bald eagle Grand Canyon Yes
36%
Elk Great Basin Yes
36%
Mountain lion Hot springs No
36%
American Bison Rocky Mountain No
36%
Bald eagle Voyageurs Yes
36%
American Bison Wind Cave Yes
36%
Bald eagle Wrangell St. Elias Yes
36%
Moose Yellowstone Yes
36%
Moose Yosemite No
36%
Cottonmouth Zion No
36%
Mountain lion Badlands Yes
29%
American alligator Biscayne Yes
29%
Black bear Bryce Canyon Yes
29%
American alligator Congaree Yes
29%
Cottonmouth Congaree Yes
29%
Mountain lion Death Valley Yes
29%
Black bear Everglades Yes
29%
Bald eagle Isle Royale Yes
29%
Mountain lion Lassen Volcanic Yes
29%
Moose Rocky Mountain Yes
29%
Moose Wrangell St. Elias Yes
29%
Elk Lake Clark No
21%
Mountain lion Pinnacles Yes
21%
Bald eagle Pinnacles Yes
21%
Bald eagle Big Bend Yes
14%
Bald eagle Everglades Yes
14%
Killer Whale Olympic No
14%
Elk Petrified Forest Yes
14%
Cottonmouth Hot Springs Yes
7%
Black bear Joshua Tree Yes
7%
Elk Mesa Verde Yes
7%
Killer Whale Redwood Yes
7%
Bald eagle Channel Islands Yes
0%
American Bison Great Sand Dunes Yes
0%
No matching quizzes found
Score Distribution
Percent of People with Each Score
Percentile by Number Answered
Your Score History
You have not taken this quiz